LEADER 01079nam1-22003371i-450- 001 990005401090203316 005 20010829120000.0 035 $a000540109 035 $aUSA01000540109 035 $a(ALEPH)000540109USA01 035 $a000540109 100 $a20010829d1987-------|0itac50------ba 101 $aita 102 $aIT 105 $a|||| ||||| 200 1 $aEuroamericani 210 $aTorino$cFondazione Giovanni Agnelli$d1987. - 3 v. ; 22 cm 463 \1$1001990005407020203316$12001 $a<> popolazione di origine italiana in Brasile 463 \1$1001990005407030203316$12001 $a<> popolazione di origine italiana in Argentina 463 \1$1001990005407040203316$12001 $a<> popolazione di origine italiana negli Stati Uniti 606 $aImmigrati italiani$xAmerica$2FI 620 $dTorino 676 $a305.85107$v21 712 $aFondazione Giovanni Agnelli 801 $aIT$bSOL$c20120104 912 $a990005401090203316 959 $aBK 969 $aDISES 979 $c20121027$lUSA01$h1531 996 $aEuroamericani$957939 997 $aUNISA LEADER 00966nam0-22003731i-450 001 990003184340403321 005 20190212112546.0 010 $a0-416-34850-5 035 $a000318434 035 $aFED01000318434 035 $a(Aleph)000318434FED01 035 $a000318434 100 $a20030910d1983----km-y0itay50------ba 101 0 $aeng 102 $aUK 200 1 $a<>Rise of the Corporate Economy$fLeslie Hannah 205 $a2nd ed 210 $aLondon$aNew York$cMethuen$d1983 215 $aXII, 266 p.$d22 cm 610 0 $aCorporativismo 610 0 $aGran Bretagna 676 $aD/5.5 676 $aF/1.402 702 1$aHannah,$bLeslie 801 0$aIT$bUNINA$gRICA$2UNIMARC 901 $aBK 912 $a990003184340403321 952 $aF/1402 HAN$b4983$fSES 952 $aXV H1 34$b608$fDTE 952 $aF/1.402 HAN$b4983$fSES 959 $aSES 959 $aDTE 996 $aRise of the Corporate Economy$9452371 997 $aUNINA